| 000 | 00973cam a22002774a 4500 | ||
|---|---|---|---|
| 001 | 13075820 | ||
| 003 | ARRUPE | ||
| 005 | 20130918143924.0 | ||
| 008 | 030131s2003 kyu bd 000 0 eng | ||
| 010 | _a 2003041179 | ||
| 020 | _a066422394X (alk. paper) | ||
| 040 |
_aDLC _cDLC _dDLC |
||
| 042 | _apcc | ||
| 050 | 0 | 0 |
_aBS543 _b.W47 2003 |
| 082 | 0 | 0 |
_a220.3 _221 |
| 245 | 0 | 4 |
_aThe Westminster theological wordbook of the Bible / _cedited by Donald E. Gowan. |
| 250 | _a1st ed. | ||
| 260 |
_aLouisville : _bWestminster John Knox Press, _cc2003. |
||
| 300 |
_axii, 551 p. ; _c24 cm. |
||
| 504 | _aIncludes bibliographical references (p. viii). | ||
| 630 | 0 | 0 |
_aBible _xTheology _vDictionaries. _9603 |
| 700 | 1 |
_aGowan, Donald E. _9604 |
|
| 906 |
_a7 _bcbc _corignew _d1 _eocip _f20 _gy-gencatlg |
||
| 942 |
_2lcc _cMONOGRAPH |
||
| 999 |
_c117889 _d117889 |
||